000 01276nam a22003490a 4500
001 PT12813
003 AR-LpoUNG
005 20210131232525.0
008 191001ss.f.||||ag |||||||||||||||||spa d
020 _a9505164041
_c$3.40
040 _aAR-LpoUNG
_bspa
_cAR-LpoUNG
_eaacr
041 _aspa
044 _aag
082 0 _a982.04 626mi
100 1 _aClementi, Hebe
245 1 3 _aEl miedo a la inmigración
260 _aBuenos Aires :
_bLeviatán,
_cs.f..
300 _a109 p. :
_btbls., il.
520 _aEl enfoque de este libro intenta establecer una comparación entre las corrientes inmigratorias norteamericana y argentina, en cuanto a algunas situaciones conflictivas que presentaron una y otra en relación con la población preexistente. La idea del autor es que está óptica sirva a manera de espejo para la mejor intelección de la realidad argentina, como país en cuya formación participa un importante aporte inmigratorio.
650 4 _aACULTURACION
650 4 _aCRECIMIENTO DEMOGRAFICO
650 4 _aCULTURA
650 4 _aESTADO
650 4 _aINMIGRACION
650 4 _aINMIGRANTES
650 4 _aPOBLACION
650 4 _aTRABAJO
650 4 _aTRANSFERENCIA DE POBLACION
651 4 _aArgentina
905 _a12813
942 _cLIB
999 _c16081
_d16081